Statistiques concernant Mots de la langue française terminés par "ouche"

Cliquez ici pour prendre le quiz!

Statistiques générales

  • Ce quiz a été pris 330 fois
  • Le résultat moyen est 10 sur 15

Statistiques - réponses

IndiceMot% Correct
ustensile de cuisinelouche
97%
insectemouche
97%
baignoiredouche
95%
litcouche
91%
chaussurebabouche
85%
personne hypocrite, doucereuse : sainte ....nitouche
80%
entréebouche
79%
lignéesouche
78%
styletouche
75%
modificationretouche
59%
cruelfarouche
46%
étuicartouche
42%
accrochageescarmouche
30%
roseaurouche
19%
jardinouche
14%

Distribution des résultats

Percentile par nombre de réponses

% des personnes avec chaque résultat

Votre développement - résultats

Vous n’avez pas pris ce quiz